000 00944nam a2200349 a 4500
003 AR-BaBNM
005 20251128203932.0
008 082120s2002 ||||||||||||||000 | spa||
020 _a84-7046-097-8
040 _cAR-BaBNM
100 1 _aApprato, Carmen
245 0 0 _aEconomía y sociedad en la edad media
260 _aBuenos Aires
_bCincel-Kapelusz
_c1990
300 _a71 p.
490 0 _aCuadernos de estudio. Historia universal
_vv. 14
500 _aContiene: selección bibliográfica
650 4 _aHISTORIA MEDIEVAL
650 4 _aMODOS DE PRODUCCION
650 4 _aFEUDALISMO
650 4 _aHISTORIA ECONOMICA
650 4 _aCOMERCIO
650 4 _aINVASION
650 4 _aCAPITALISMO
650 4 _aIGLESIA Y ESTADO
650 4 _aHISTORIA DE LAS RELIGIONES
650 4 _aCRISTIANISMO
651 4 _aAlemania
653 _aROMA ANTIGUA
800 1 _aTraversoni, Alfredo
_edirector
942 _cBK
998 _cHector
999 _c5533
_d5533